Το μυστικό όνομα της ποίησης

Saved in:
Bibliographic Details
Main Author: Γρηγορίου-Θεοχαράκη, Κάτια
Format: Book
Language:Greek
Published: Αθήνα : Τυπωθήτω, 2010
Subjects:
Tags: Add Tag
No Tags, Be the first to tag this record!

MARC

LEADER 00000cam a2200000 i 4500
001 1/43524
008 140304s2010 gre d
020 |a 978-960-402-369-1 
035 |l 10116953 
040 |a GR-MY-UA  |b gre  |e aacr 
041 0 |a gre 
082 0 |a 889.18  |2 (22) 
100 1 |a Γρηγορίου-Θεοχαράκη, Κάτια. 
245 1 3 |a Το μυστικό όνομα της ποίησης /  |c Κάτια Γρηγορίου-Θεοχαράκη 
260 |a Αθήνα :   |b Τυπωθήτω,   |c 2010 
300 |a 141 σ.;  |c 22 εκ. 
650 0 0 |a Poetry. 
650 0 0 |a Criticism. 
852 |a INST  |b RHODES  |e 20140304  |h 889.18 ΓΡΗ  |p 005400036282  |q 005400036282  |t BK  |y 0 
901 |a BIBL4-2014-1 
909 |a Ρ  |b 182788 
970 |z 2014/03/04